Obálka Náhled e-knihy:
PDF Epub
Pro půjčování e-knih musíte být přihlášeni.
Jak si půjčit online?

Tajomná lekáreň - Mesto strateného času /

Pre Večných sa začína nová éra, aj keď nikto nevie, čo má vlastne Edgar de Richemont za lubom. Plánuje Večných definitívne zničiť alebo sa chce stať ich novým vodcom? Pokiaľ majú Luci, Mats a ich priatelia prekaziť Edgarov plán, musia ísť za ním do Benátok, kde sa práve koná tradičný karneval. No le...

Celý popis

Uloženo v:
Série:Tajomná lekáreň, část 5
Hlavní autor: Ruhe, Anna (Autor)
Médium: E-kniha
Jazyk:Czech
Vydáno: Praha : Albatros Media Slovakia s.r.o., 2025
Příbuzné jednotky:Z cyklu:: Tajomná lekáreň
Tagy:
Žádné tagy
LEADER 01615nam a22002417i 4500
001 302709
007 ta
008 260514s2025 xr ||||| |||| 00| 0 cze d
020 |a 9788056648414 
044 |a xr 
100 1 |a  Ruhe, Anna  |4 aut 
245 1 0 |a Tajomná lekáreň - Mesto strateného času /  |c  Ruhe, Anna 
240 1 0 |a Die Duftapotheke (5) - Die Stadt der verlorenen Zeit 
264 1 |a Praha :  |b Albatros Media Slovakia s.r.o.,  |c 2025 
300 |a 1 online zdroj (272 stran) 
336 |a text  |b txt  |2 rdacontent 
337 |a bez média  |b n  |2 rdamedia 
338 |a online zdroj  |b cr  |2 rdacarrier 
520 2 |a Pre Večných sa začína nová éra, aj keď nikto nevie, čo má vlastne Edgar de Richemont za lubom. Plánuje Večných definitívne zničiť alebo sa chce stať ich novým vodcom? Pokiaľ majú Luci, Mats a ich priatelia prekaziť Edgarov plán, musia ísť za ním do Benátok, kde sa práve koná tradičný karneval. No len čo sa dajú strhnúť veľkolepou slávnosťou, dôjde im, že to nie je obyčajný ples v maskách. Je to nebezpečná hra s časom, z ktorej už nemusí byť úniku... 
787 0 8 |g 5  |i Z cyklu:  |t Tajomná lekáreň 
910 |a RBIT002 
998 |d 426966  |a https://core.palmknihy.cz/api/books/426966/cover?tesgi5  |b https://core.palmknihy.cz/api/books/426966/cover/400?tesgi5  |c https://core.palmknihy.cz/api/books/426966/cover/50?tesgi5  |e 2028-09-27  |g 272  |i 9788056648414  |j https://core.palmknihy.cz/api/books/426966/preview.epub  |k https://core.palmknihy.cz/api/books/426966/preview.pdf  |l   |q 49  |r 1  |s https://www.palmknihy.cz/kniha/426966  |t ebook  |y 2025  |z 1  |v Tajomná lekáreň  |w 5 
999 |d 302707